| 000 | 00627nmc a2200205 a 4500 | ||
|---|---|---|---|
| 003 | AR-X00000XY | ||
| 005 | 20251128212027.0 | ||
| 008 | 187020s1969 ||||||||||||||000 | spa|| | ||
| 040 | _cAR-X00000XY | ||
| 100 | 1 | _aBioy Casares, Adolfo | |
| 245 | 1 | 0 | _aDiario de la guerra del cerdo |
| 260 |
_aBuenos Aires _bEmecé Editores _c1969 |
||
| 300 | 0 | _a218 p. | |
| 490 | 0 | _aNovelistas argentinos contemporáneos. novelas, cuentos y relatos | |
| 500 | 0 | _aCon dedicatoria del autor a Alejandra Pizarnik | |
| 500 | 0 | _aCon anotaciones manuscritas de Alejandra Pizarnik | |
| 655 | _aLITERATURA | ||
| 942 | _cBK | ||
| 998 | _cmartin | ||
| 999 |
_c22142 _d22142 |
||